000 00639nam a2200241Ia 4500
003 OSt
005 20221005101712.0
006 a|||||r|||| 00| 0
007 ta
008 221004b |||||||| |||| 00| 0 mal d
024 _a55435
037 _cTextual
040 _aCRL
_cCRL
_bmal
041 _2mal
_amal
082 _aO32,2M95,14, J4
100 _aPillai Krishna
_9622469
245 0 _aKalla pramanam
260 _aTrivandrum
_bB V Printing India
_c1954
300 _a71
_ccm.
650 _aMALAYALAM DRAMA
_9207189
942 _hO32,2M95,14, J4
_cTEXL
_2cc
999 _c1007226
_d1007226